My Favourite Music Acts - Statistics

General Stats
  • This quiz has been taken 34 times
    9 since last reset
  • The average score is 22 of 31
Answer Stats
Picture Answer % Correct
Abba
100%
Barbra Streisand
100%
Blondie
100%
Cilla Black
100%
David Bowie
100%
Kate Bush
100%
Kylie Minogue
100%
The Beach Boys
100%
The Beatles
100%
The Carpenters
100%
Billie Eilish
80%
Dusty Springfield
80%
Electric Light Orchestra
80%
Mamas And The Papas
80%
Petula Clark
80%
The Human League
80%
T.Rex
80%
Dollar
60%
Patsy Cline
60%
Roxy Music
60%
Status Quo
60%
Steps
60%
Three Degrees
60%
Barbara Dickson
40%
Donna Summer
40%
Sandie Shaw
40%
Shirley Bassey
40%
The Seekers
40%
Lime
20%
Paul Parker
20%
The Dooleys
20%
No matching quizzes found
Score Distribution
Percent of People with Each Score
Percentile by Number Answered
Your Score History
You have not taken this quiz since the last reset